My chemical romance lyrics - Statistics

General Stats
  • This quiz has been taken 716 times
  • The average score is 9 of 16
Answer Stats
Hint Answer % Correct
They could care less as long as someone'll bleed So ____ your clothes or strike a violent pose, Maybe they'll leave you alone, but not me. Darken
89%
Forget about the dirty looks The photographs your boyfriend took, You said you read me like a book, but the ____ all are torn and frayed. Pages
88%
Well they encourage your complete cooperation, Send you ____ when they think you need to smile. Roses
70%
Do or die, you'll never make me, Because the world will never take my heart Though you try, you'll never ____ me , We want it all, we wanna play this part. Break
68%
Another contusion, my funeral jag Here's my ____, I'll serve it in drag. Resignation
67%
Burning on just like a match you slide to incinerate The lives of everyone you ____. Know
62%
We're damned after all. Through fortune and flame we fall. And if you can stay then I'll show you the way, To return from the ____ you call. Ashes
57%
Wouldn't it be grand to take a ____ by the hand? And wouldn't it be great if we were dead? Pistol
55%
I spent my high school career ____ and shoved to agree So I could watch all my heroes Sell a car on tv. Spit on
51%
I am not the singer that you wanted, But a ____ I refuse to answer, Talk about the past, sir Wrote it for the ones that want to get away. Dancer
50%
And after all this time that you still ____ , You're still the good-for-nothing I don't know, So take your gloves and get out. Owe
48%
This night, walk the dead In a ____ style And crash the cemetery gates. Solitary
46%
And you don’t know a thing about this ____, Cause you don’t know a thing about me You don’t know a thing. Life
35%
We'll laugh as we die, And we'll celebrate the end of things, With ____ champagne. Cheap
33%
Don't you ____ for me, Undeserving of your sympathy. Breathe
32%
This ____ city sky like butane on my skin stolen from my eyes. Broken
31%
No matching quizzes found
Score Distribution
Percent of People with Each Score
Percentile by Number Answered
Your Score History
You have not taken this quiz